000 00372nam a2200145Ia 4500
008 230917s9999||||xx |||||||||||||| ||und||
040 _e100695
_aMAIN
041 _aEnglish
082 _a954.01 G749C
100 _aGoyal, Shankar
245 0 _aContemporary interpreters of ancient India
260 _aJaipur
_bBook Enclave
_c2003
300 _axii, 275 p.
942 _cBK
999 _c110625
_d110625